Statistics for Christmas Generator Puzzle

Click here to take the quiz!

General Stats

  • This quiz has been taken 6,967 times
  • The average score is 12 of 21

Answer Stats

Hint Answer % Correct
Santa's little helperElf
96%
A partridge in a ____ treePear
89%
Baby cowCalf
86%
Do not succeedFail
84%
Sound of hands strikingClap
82%
Sense through touchFeel
78%
Christmas tree speciesFir
76%
What the 11 lords doLeap
74%
It came upon a midnight ____Clear
60%
Small, wingless jumping insectFlea
57%
Jesus, a.k.a. The Prince of _____Peace
55%
Common breakfast foodCereal
54%
Take the place ofReplace
54%
Oblong pastry with cream fillingEclair
49%
Crinkly decorative paperCrepe
47%
Weak, delicateFrail
40%
Wrapped packageParcel
37%
Loud ringing of Christmas bellsPeal
35%
Easing of pain or anxietyRelief
30%
9-Letter WordFIREPLACE
21%
DangerPeril
20%

Score Distribution

Percentile by Number Answered

Percent of People with Each Score

Your Score History

You have not taken this quiz